| Tag |
First Indicator |
Second Indicator |
Subfields |
| LEADER |
00000cam a2200000 4500 |
| 001 |
in00000391021 |
| 005 |
20151011114431.0 |
| 008 |
790927c19311926nyuab 00010 engm |
| 010 |
|
|
|a 27001751
|
| 035 |
|
|
|a (OCoLC)05430404
|
| 035 |
|
|
|9 ABS0502AM
|
| 040 |
|
|
|a DLC
|c VTU
|d VTU
|d TXA
|d UtOrBLW
|
| 049 |
|
|
|a TXAS [kasi]
|v 1-2
|
| 050 |
|
0 |
|a QL696.G2
|b B26 1926
|
| 090 |
|
|
|a QL696.G2
|b B26 1931
|
| 092 |
|
|
|a TR
|
| 100 |
1 |
|
|a Beebe, William,
|d 1877-1962.
|
| 245 |
1 |
0 |
|a Pheasants, their lives and homes /
|c by William Beebe ; published under the auspices of the New York zoological society.
|
| 264 |
|
1 |
|a Garden City, N.Y. :
|b Doubleday, Page & Co.,
|c 1931
|
| 264 |
|
4 |
|c ©1926
|
| 300 |
|
|
|a 2 volumes :
|b illustrations (some color), map ;
|c 27 cm.
|
| 336 |
|
|
|a text
|b txt
|2 rdacontent
|
| 337 |
|
|
|a unmediated
|b n
|2 rdamedia
|
| 338 |
|
|
|a volume
|b nc
|2 rdacarrier
|
| 500 |
|
|
|a "In its first form, William Beebe's Monograph was published...in four folio volumes at a cost of two hundred and fifty dollars for each set...The present volumes include all but the technical descriptions...Much of it has been rewritten and brought up to date."--volume 1,p.ix.
|
| 650 |
|
0 |
|a Pheasants.
|
| 710 |
2 |
|
|a New York Zoological Society.
|
| 999 |
|
|
|a MARS
|
| 999 |
f |
f |
|s b9891c97-e109-392a-b4b4-d5efbc66cc93
|i 3302ba71-c137-3ef9-a0d5-85374a153626
|t 0
|
| 952 |
f |
f |
|p noncirc
|a Texas A&M University
|b College Station
|c Cushing Memorial Library & Archives
|d Cushing: Kincaid/Asia (Remote Storage: 2-3 day retrieval)
|t 0
|e QL696.G2 B26 1931
|h Library of Congress classification
|i unmediated -- volume
|
| 998 |
f |
f |
|a QL696.G2 B26 1931
|s v.1-v.2
|t 0
|l Cushing: Kincaid/Asia (Remote Storage: 2-3 day retrieval)
|